| 000 | 00713nam a2200169 a 4500 | ||
|---|---|---|---|
| 001 | 000005251 | ||
| 005 | 20200929151624.0 | ||
| 008 | 090818s1975 sp a 001 0 spa d | ||
| 040 |
_aDO-SdBNP _bspa _cBNPHU |
||
| 082 |
_axxxx _bC934s |
||
| 245 | 0 | 0 |
_aCriterios sobre política científica = criteria on science policy : _bjornadas internacionales de organización científica = International meeting on the organization of science / _cedición preparada por Román de Vicente Jordana. |
| 260 |
_aMadrid : _bConsejo Superior de Investigaciones Científicas, _c1975. |
||
| 300 |
_a275 p. : _bil. ; _c27 cm. |
||
| 500 | _aIncluye tabla de contenido | ||
| 700 | 1 |
_aVicente Jordana, Román de, _eed. _914984 |
|
| 049 | _aBNPD | ||
| 999 |
_c5052 _d5052 |
||